A túlzott sófogyasztás káros hatásai

Bibliográfiai részletek
Szerző: Elek Zsófia
További közreműködők: Lugasi Dr. habil. Andrea
Dokumentumtípus: Diplomadolgozat
Kulcsszavak:Egészséges táplálkozás
Betegségmegelőzés
Prevenció
Egészséges életmód
Sócsökkentés
Online Access:http://dolgozattar.uni-bge.hu/4294

MARC

LEADER 00000nta a2200000 i 4500
001 dolg4294
005 20160208141119.0
008 151209suuuu hu om 000 hun d
040 |a BGE Dolgozattár Repozitórium  |b hun 
041 |a hu 
100 1 |a Elek Zsófia 
245 1 2 |a A túlzott sófogyasztás káros hatásai  |c Elek Zsófia  |h [elektronikus dokumentum] 
246 1 1 |a A túlzott sófogyasztás káros hatásai 
695 |a Egészséges táplálkozás 
695 |a Betegségmegelőzés 
695 |a Prevenció 
695 |a Egészséges életmód 
695 |a Sócsökkentés 
700 1 |a Lugasi Dr. habil. Andrea  |e ths 
856 4 0 |u http://dolgozattar.uni-bge.hu/4294/1/Elek_Zsofia_Szakdolgozat_.PDF  |z Dokumentum-elérés